000 00967nam a22003017a 4500
001 5322
003 FISKH
005 20241204153938.0
008 241126b cb ||||| |||| 00| 0 eng d
020 _a0448428725
040 _aFISKH
_beng
_cFISKH
_dFISKH
050 _aPZ8.W7185
082 _a394.2663
100 _aWing, Natasha
_d(1960-)
245 _aThe night before Christmas /
_cBy Natasha Wing Illustrated by Mike Lester
250 _aPublished in 2002
260 _aCanada :
_bGrosset,
_c2002.
300 _a21 pages :
_bcolor illustrations ;
_c21 cm
505 _aG
520 _aTwo days before Christmas, an overworked family laments with a familiar rhyme that they had "too much to do, Our tree wasn't up yet, and Mom had the flu."
521 8 _a370L
_bLexile
521 8 _aG
_bRaz-Plus
650 _2Christmas
_aHolidays
650 _2December
_aFiction
700 _aLester, Mike
_dIllustrator
942 _2ddc
_cBK
_n0
999 _c5322
_d5322